| 000 | 00790nam a2200205 a 4500 | ||
|---|---|---|---|
| 001 | 000013448 | ||
| 003 | OSt | ||
| 005 | 20201022100507.0 | ||
| 008 | 091124s1955 dr 001 0 spa d | ||
| 040 |
_aDO-SdBNP _bspa _cBNPHU |
||
| 082 |
_axxxx _bH611l |
||
| 245 | 0 | 0 | _aDiscurso leido por el Lic. Hipolito Herrera Billini presidente de la Suprema Corte de Justicia en la solemne apertura de los tribunales celebrada, en 9 de enero 1955/. |
| 260 |
_aCiudad Trujillo, República Dominicana : _bSuprema Corte de Justicia _bDel Caribe, _c1955. |
||
| 300 |
_a32 p. ; _c23 cm. |
||
| 500 | _aAño del benefactor de la patria | ||
| 500 | _aIncluye referencias bibliográficas al pie de las páginas | ||
| 590 | _aInventariado, 2020 / DG | ||
| 910 | _aInventariado, 2020 / DG | ||
| 942 |
_2ddc _cLBS1 |
||
| 999 |
_c13074 _d13074 |
||